trouvez des footballeur de A à Z - Statistiques

Statistiques générales
  • Ce quiz a été pris 209 fois
  • Le résultat moyen est 22 sur 26
Statistiques - réponses
Lettres Indices Réponses % Correct
G Meilleur buteur de l'équipe de france Olivier Giroud
98%
M Meilleur buteur de l'histoire du FC Barcelone, un des meilleurs joueurs de l'histoire de ce sport Lionel Messi
97%
H Belge ayant joué à chelsea, connu pour ses gestes techniques Eden Hazard
95%
C Attaquant uruguayen, légende du PSG Edinson Cavani
95%
B Ballon d'or 2022 Karim Benzema
95%
I Géant suédois ayant fait les beaux jours du PSG ou milan par exemple Zlatan ibrahimovic
93%
E International danois qui a fait un malaise cardiaque à l'euro 2020 christian eriksen
92%
L Meilleur buteur de la sélection belge Romelu Lukaku
91%
J Tireur de coup-franc exceptionnel Juninho
89%
Z Ballon d'or 1998, l'un des meilleurs joueurs de l'histoire Zinédine Zidane
89%
Q Portugais connu pour ses exterieurs du pieds Ricardo Quaresma
87%
F Bresilien ayant remporté la ldc avec liverpool en 2019 en tant que n°9 Roberto firmino
87%
X Milieu du FC Barcelone, formant avec Sergio Busquets et Andres Iniesta un duo d'exception Xavi
87%
O Norvégien évoluant à Arsenal, ayant une vista spectaculaire Martin Odegaard
86%
S Buteur uruguayen ayant évolué aux Pays Bas, en Angleterre, et en Espagne Luis Suarez
84%
D Joueur ayant réussi l'exploit de mettre un doublé en finale de la ligue des chhampions Désiré doué
83%
P International français, il a une grosse frappe Paul Pogba
83%
T Ce joueur a notamment marqué un célèbre but en finale de l'euro 2000 David Trezeguet
80%
U milieu uruguayen évoluant à Manchester United. Il a joué un an au PSG Manuel Ugarte
78%
N International français ayant remporté la coupe du monde 2018, ayant joué pour Seville ou Rennes par exemple Steven Nzonzi
78%
R Ballon d'or 1999 Rivaldo
75%
Y Défenseur français jouant à Manchester united en 2025. C'est un ancien lillois Leny Yoro
73%
V Joueur français qui a gagné la coupe du monde 1998, un des meilleurs joueur de tout les temps à son poste Patrick Vieira
73%
A Ce joueur togolais passé dans des clubs comme Arsenal ou manchester city a réalisé une célébration iconique lors d'un match confrontant ces deux équipes Emmanuel Adebayor
72%
W International belge ayant joué notamment à Dortmund, actuellement à l'Atletico madrid Axel Witsel
70%
K Ailier géorgien jouant au PSG et ayant fait les beaux jours de Naples khvicha kvaratskhelia
70%
Aucun quiz correspondant
Distribution des résultats
% des personnes avec chaque résultat
Percentile par nombre de réponses
Votre historique - résultats
Vous n’avez pas pris ce quiz